| 000 | 00428nam a2200157 i 4500 | ||
|---|---|---|---|
| 001 | bg | ||
| 100 | 1 | _aWEISS, Lech J. | |
| 245 | 0 |
_aElementy i układy elektroniczne : _bprzykłady / _cLech J. Weiss, T. Wysocki, Tadeusz A. Wysocki. Cz.1. |
|
| 260 |
_aBydgoszcz, _c1986. |
||
| 700 | 1 | _aWYSOCKI, T. | |
| 700 | 1 | _aWYSOCKI, Tadeusz A. | |
| 040 | _cBPK | ||
| 041 | _apol | ||
| 942 | _cKS | ||
| 008 | s pl f |000 0 pol | ||
| 999 |
_c3740 _d3740 |
||
| 856 |
_uhttp://koha.tu.koszalin.pl/cgi-bin/koha/opac-detail.pl?biblionumber=3740 _yKatalog online BPK |
||